| 000 | 00864nam a22002657a 4500 | ||
|---|---|---|---|
| 001 | 9786210800043 | ||
| 003 | URS | ||
| 005 | 20250313162358.0 | ||
| 008 | 250213t2023 |||||||| |||| 00| 0 eng d | ||
| 020 | _a9786210800043 | ||
| 040 |
_beng _cURS _dURS _erda |
||
| 050 | 1 | 4 | _aLB 2369 .Am68 2023 |
| 100 | 1 |
_aAmorado, Ronnie V.,$eauthor. _eauthor |
|
| 245 | 1 | 0 |
_aLiterati dos : _bliterature review in contemporary purview / _cRonnie V. Amorado. |
| 264 | 1 |
_aMalabon City _bMutya Publishing House, Inc. _c[2023] |
|
| 264 | 4 | _c©2024 | |
| 300 |
_axviii, 211 pages _c26 cm |
||
| 336 |
_2rdacontent _atext |
||
| 337 |
_2rdamedia _aunmediated |
||
| 338 |
_2rdacarrier _avolume |
||
| 504 | _aIncludes bibliographical references and index. | ||
| 650 | 0 |
_aAcademic writing _xStudy and teaching |
|
| 710 | 2 |
_aMutya Publishing House, Inc. _epublisher. |
|
| 942 |
_2lcc _cF |
||
| 999 |
_c82290 _d82289 |
||